| 000 | 00924nab a2200265 u 4500 | ||
|---|---|---|---|
| 001 | 20090 | ||
| 003 | HDC | ||
| 007 | cr bn ---aaaaa | ||
| 008 | 210303c20091126xx dr|noo 0 a eng d | ||
| 040 | _aHDC | ||
| 100 |
_aOlayiwola, Noimot _eauthor _918272 |
||
| 245 | 0 |
_aThailand seeks to open distribution centre in the Gulf / by _cNoimot Olayiwola |
|
| 260 |
_a[No place] : _b[publisher not identified], _c2009 |
||
| 300 | _a1 online resource | ||
| 336 |
_atext _2rdacontent |
||
| 337 |
_acomputer _2rdamedia |
||
| 338 |
_aonline resource _2rdacarrier |
||
| 650 |
_aBilateral relations _zThailand _zQatar _918273 |
||
| 650 |
_adevelopment projects _916010 |
||
| 710 | _aHalal Focus | ||
| 856 | _zRequest full-text at [email protected] | ||
| 942 | _2lcc | ||
| 942 | _cNEWS | ||
| 942 | _kNWSO 006324 | ||
| 999 |
_c17406 _d17406 |
||